000251015 001__ 251015
000251015 005__ 20230317223100.0
000251015 0247_ $$2doi$$a10.22029/JLUPUB-649
000251015 037__ $$aGSI-2023-00216
000251015 041__ $$aGerman
000251015 1001_ $$0P:(DE-HGF)0$$aDöhring, Björn Michel$$b0$$eCorresponding author$$gmale
000251015 245__ $$aAufbau und Erprobung eines Energie-Scansystems zur Messung von Wirkungsquerschnitten der Elektronenstoßionisation von Ionen = Setup and Test of an Energy Scan System for Measurements of Cross Sections for Electron-Impact Ionization of Ions
000251015 260__ $$aGießen$$bUniversitätsbibliothek Gießen$$c2022
000251015 300__ $$a195
000251015 3367_ $$2DataCite$$aOutput Types/Dissertation
000251015 3367_ $$2ORCID$$aDISSERTATION
000251015 3367_ $$2BibTeX$$aPHDTHESIS
000251015 3367_ $$02$$2EndNote$$aThesis
000251015 3367_ $$0PUB:(DE-HGF)11$$2PUB:(DE-HGF)$$aDissertation / PhD Thesis$$bphd$$mphd$$s1674214498_15864
000251015 3367_ $$2DRIVER$$adoctoralThesis
000251015 500__ $$aAttribution-NonCommercial-NoDerivatives 4.0 International
000251015 502__ $$aDissertation, JLU Gießen, 2022$$bDissertation$$cJLU Gießen$$d2022$$o2022-01-17
000251015 520__ $$aIm Rahmen dieser Dissertation sind weitreichende Entwicklungsschritte für eine neue Elektronenkanone durchgeführt worden, die einen intensiven Elektronenstrahl mit Energien von bis zu 3500 eV zur Verfügung stellt. Es wurde eine neue Fokussierelektrode eingebaut und die Wirkungen auf den Elektronenstrahl charakterisiert. Mithilfe eines fein-aufgelösten Energiescansystem können feine Strukturen in Wirkungsquerschnitten der Elektronenstoßionisation untersucht werden. Für die neue Elektronenkanone ist ein derartiges System aufgebaut und charakterisiert worden. Hierbei konnten die energetischen Grenzen und Eigenschaften verschiedener Modi der Elektronenkanone untersucht werden. Die Energieauflösung kann je nach Modus bis zu ca. 1,66 eV für 590 eV betragen. Eine auftretende Energieverschiebung von teils deutlich über 8 eV wurde eingehend untersucht. Mithilfe elektronenoptischer Simulationen ist eine hohe Ortsabhängigkeit des Potentials in der Wechselwirkungszone der Elektronenkanone festgestellt worden, die die Energieverschiebung erklärt. Es wurden Wirkungsquerschnitte der Einfachionisation von Xenon mit den Ladungszuständen q = 5, 6, 8 gemessen. Neue theoretischen Berechnungen zeigten für Xe8+ eine gute Übereinstimmung. Zusätzlich wurden Doppel- und Dreifachionisation von Xe6+ gemessen. Für die Messungen an Lanthanionen ist ein neuer Messmodus entwickelt worden, damit Ionisationsschwellen bei sehr niedrigen Elektron-Ion-Kollisionsenergien von unter/um 60 eV gemessen werden können. In dieser Arbeit ist damit erstmalig ein Hoch-Strommodus erfolgreich mit der neuen Elektronenkanone verwendet worden. Messungen der Einfach-, Doppel- und Dreifachionisation von Lanthan mit dem Ladungszustand q = 1 wurden durchgeführt. Die Lanthanionen sind mit einem Verdampferofen erzeugt worden. Bei der Dreifachionisation von La1+ wurde eine neue Struktur bei ca. 190 eV gefunden. Sie weist eine große Ähnlichkeit zur Dreifachionisation von Ce1+ auf. Ein Vergleich mit verfügbaren Literaturdaten zeigt eine gute Übereinstimmung im Rahmen der Fehlerbalken aber auch die Anwesenheit von langlebigen, angeregten Zuständen.
000251015 536__ $$0G:(DE-HGF)POF4-631$$a631 - Matter – Dynamics, Mechanisms and Control (POF4-631)$$cPOF4-631$$fPOF IV$$x0
000251015 588__ $$aDataset connected to DataCite
000251015 650_7 $$2Other$$aElektronenstoßionisation
000251015 650_7 $$2Other$$aElektronenkanone
000251015 650_7 $$2Other$$aCrossed-Beams
000251015 650_7 $$2Other$$aElectron gun
000251015 650_7 $$2Other$$aElectron-impact ionization
000251015 650_7 $$2Other$$aEnergy-Scan
000251015 650_7 $$2Other$$aXenon
000251015 650_7 $$2Other$$aLanthan
000251015 650_7 $$2Other$$addc:500
000251015 650_7 $$2Other$$addc:530
000251015 693__ $$0EXP:(DE-Ds200)no_experiment-20200803$$1EXP:(DE-Ds200)theory-20200803$$5EXP:(DE-Ds200)no_experiment-20200803$$atheory$$eno experiment theory work (POF3; theory)$$x0
000251015 773__ $$a10.22029/JLUPUB-649
000251015 909CO $$ooai:repository.gsi.de:251015$$pVDB
000251015 9131_ $$0G:(DE-HGF)POF4-631$$1G:(DE-HGF)POF4-630$$2G:(DE-HGF)POF4-600$$3G:(DE-HGF)POF4$$4G:(DE-HGF)POF$$aDE-HGF$$bForschungsbereich Materie$$lFrom Matter to Materials and Life$$vMatter – Dynamics, Mechanisms and Control$$x0
000251015 9141_ $$y2022
000251015 920__ $$lyes
000251015 9201_ $$0I:(DE-Ds200)ATP-20051214OR020$$kATP$$lAtom-, Quanten- & Fundamentalphysik$$x0
000251015 980__ $$aphd
000251015 980__ $$aVDB
000251015 980__ $$aI:(DE-Ds200)ATP-20051214OR020
000251015 980__ $$aUNRESTRICTED